| 000 | 01145cam a22003971 4500 | ||
|---|---|---|---|
| 001 | 75209 | ||
| 003 | BD-RjUL | ||
| 005 | 20211209082647.0 | ||
| 008 | 731212s1967 nyua b 000 0 eng | ||
| 035 | _aMITb10559348 | ||
| 035 | _a(OCoLC)00545492 | ||
| 035 | _aGLIS00559348 | ||
| 040 |
_aDLC _cDLC _dm.c. _dRCD _beng |
||
| 041 | _aeng | ||
| 049 | _aRCDA | ||
| 082 |
_223 _a548.5 _bBOF 1967 |
||
| 090 |
_aQD931 _b.B665 |
||
| 099 | _aQD931.B665 | ||
| 100 | 1 |
_aBockris, J. O'M. _q(John O'M.), _d1923- _9227576 |
|
| 245 | 1 | 0 |
_aFundamental aspects of electrocrystallization _c[by] J. O'M. Bockris and G. A. Razumney. |
| 260 |
_aNew York : _bPlenum Press, _cc1967. |
||
| 300 |
_axii, 155 p. _billus. _c24 cm. |
||
| 504 | _aBibliography: p. 145-150. | ||
| 650 | 0 |
_aCrystal growth. _9227577 |
|
| 650 | 0 |
_aElectrochemistry. _9227578 |
|
| 700 | 1 |
_aRazumney, G. A. _9227579 |
|
| 910 | _aOCLC 60 | ||
| 942 |
_2ddc _cBK |
||
| 949 |
_aMYGE _aMYGS _aMYGY |
||
| 999 |
_c75209 _d75209 |
||